| 000 | 00478nam a2200193Ia 4500 | ||
|---|---|---|---|
| 008 | 170918s9999 xx 000 0 und d | ||
| 020 | _a9780545385350 | ||
| 050 | _bN333 2009 | ||
| 100 | _aNaylor, Phyllis Reynolds | ||
| 245 | _aFaith, Hope, and Ivy June / | ||
| 245 | _cPhyllis Reynolds Naylor. | ||
| 260 | _aNew York : | ||
| 260 | _bScholastic, | ||
| 260 | _c2009 | ||
| 300 | _a280 pages : | ||
| 300 | _bcolored illustration ; | ||
| 300 | _c19cm. | ||
| 500 | _a900 | ||
| 999 |
_c342052 _d342052 |
||